An empirical analysis of sugarcane production in Pakistan/ (Record no. 331371)
[ view plain ]
| 000 -LEADER | |
|---|---|
| fixed length control field | 00577nam a22001937a 4500 |
| 003 - CONTROL NUMBER IDENTIFIER | |
| control field | NUST |
| 005 - DATE AND TIME OF LATEST TRANSACTION | |
| control field | 20250217162932.0 |
| 008 - FIXED-LENGTH DATA ELEMENTS--GENERAL INFORMATION | |
| fixed length control field | 170926b xxu||||| |||| 00| 0 eng d |
| 040 ## - CATALOGING SOURCE | |
| Transcribing agency | NUST |
| 082 ## - DEWEY DECIMAL CLASSIFICATION NUMBER | |
| Classification number | 200 |
| 100 ## - MAIN ENTRY--PERSONAL NAME | |
| Personal name | Lodhi,Bilal Ahmed |
| 9 (RLIN) | 4992 |
| 245 ## - TITLE STATEMENT | |
| Title | An empirical analysis of sugarcane production in Pakistan/ |
| Statement of responsibility, etc. | Bilal Ahmed Lodhi |
| 260 ## - PUBLICATION, DISTRIBUTION, ETC. | |
| Place of publication, distribution, etc. | Islamabad |
| Date of publication, distribution, etc. | 2015 |
| Name of publisher, distributor, etc. | S3H NUST |
| 300 ## - PHYSICAL DESCRIPTION | |
| Extent | 41p |
| 600 ## - SUBJECT ADDED ENTRY--PERSONAL NAME | |
| General subdivision | MS- Economics |
| 9 (RLIN) | 127866 |
| 700 ## - ADDED ENTRY--PERSONAL NAME | |
| Personal name | Supervisor: Dr. Faisal Jamil |
| 9 (RLIN) | 124811 |
| 856 ## - ELECTRONIC LOCATION AND ACCESS | |
| Uniform Resource Identifier | <a href="http://10.250.8.41:8080/xmlui/handle/123456789/3369">http://10.250.8.41:8080/xmlui/handle/123456789/3369</a> |
| 942 ## - ADDED ENTRY ELEMENTS (KOHA) | |
| Source of classification or shelving scheme | |
| Koha item type | Soft Copy |
| Withdrawn status | Lost status | Source of classification or shelving scheme | Damaged status | Not for loan | Permanent Location | Current Location | Shelving location | Date acquired | Full call number | Barcode | Date last seen | Price effective from | Koha item type |
|---|---|---|---|---|---|---|---|---|---|---|---|---|---|
| Central Library (CL) | Central Library (CL) | Thesis | 02/17/2020 | 200 | CL-T-5112 | 02/17/2020 | 02/17/2020 | Soft Copy |
